|
|
|
|
| LEADER |
01005nam a2200277 a 4500 |
| 001 |
4156150 |
| 008 |
120708r20031978nyu 000 0 eng |
| 010 |
|
|
|a 78025833
|
| 020 |
|
|
|a 0415253942
|
| 020 |
|
|
|a 0805237100
|
| 040 |
|
|
|a DLC
|c DLC
|d DLC
|d BD-DhAAL
|
| 050 |
0 |
0 |
|a GN362
|b .L47 1979
|
| 082 |
0 |
0 |
|a 301.2/1
|
| 100 |
2 |
|
|a Levi-Strauss, Claude.
|
| 245 |
1 |
0 |
|a Myth and meaning /
|c Claude Levi-Strauss.
|
| 260 |
|
|
|a New York :
|b Schocken Books ;
|a London :
|b Routledge,
|c 1978 [Reprinted 2003].
|
| 300 |
|
|
|a ix, 48 p. ;
|c 21 cm.
|
| 500 |
|
|
|a "Talks were broadcast on the CBC Radio series, Ideas in December 1977."
|
| 541 |
|
|
|e 00014231
|
| 650 |
|
0 |
|a Structural anthropology.
|
| 650 |
|
0 |
|a Mythology.
|
| 650 |
|
0 |
|a Ethnophilosophy.
|
| 730 |
0 |
|
|a Ideas (Radio program)
|
| 852 |
1 |
|
|a Ayesha Abed Library
|c General shelf.
|
| 999 |
|
|
|c 12533
|d 12533
|
| 952 |
|
|
|0 0
|1 0
|2 ddc
|4 0
|6 301_210000000000000_LEV
|7 0
|9 20692
|a BRACUL
|b BRACUL
|c GEN
|d 2012-07-09
|l 4
|m 6
|o 301.21 LEV
|p 3010014231
|r 2026-04-20
|s 2026-04-08
|t 1
|w 2012-07-09
|y BK
|